Detalles MARC
| 000 -LEADER |
| fixed length control field |
03732nam a2200421Ii 4500 |
| 001 - CONTROL NUMBER |
| control field |
DIGSLX2044 |
| 003 - CONTROL NUMBER IDENTIFIER |
| control field |
NyNyDIG |
| 006 - FIXED-LENGTH DATA ELEMENTS--ADDITIONAL MATERIAL CHARACTERISTICS |
| fixed length control field |
m o d |
| 007 - PHYSICAL DESCRIPTION FIXED FIELD--GENERAL INFORMATION |
| fixed length control field |
cr ||||||||||| |
| 008 - FIXED-LENGTH DATA ELEMENTS--GENERAL INFORMATION |
| fixed length control field |
140101s2012 sp o 000 0 spa d |
| 020 ## - INTERNATIONAL STANDARD BOOK NUMBER |
| Canceled/invalid ISBN |
9788477377276 |
| 020 ## - INTERNATIONAL STANDARD BOOK NUMBER |
| Canceled/invalid ISBN |
8477377278 |
| 035 ## - SYSTEM CONTROL NUMBER |
| System control number |
(OCoLC)888244632 |
| 040 ## - CATALOGING SOURCE |
| Original cataloging agency |
DGITA |
| Language of cataloging |
eng |
| Description conventions |
pn |
| Transcribing agency |
DGITA |
| 043 ## - GEOGRAPHIC AREA CODE |
| Geographic area code |
e-sp--- |
| 050 14 - LIBRARY OF CONGRESS CALL NUMBER |
| Classification number |
PN4748.S6 eBook |
| 245 03 - TITLE STATEMENT |
| Title |
El nacimiento de la libertad de imprenta : |
| Remainder of title |
antecedentes, promulgación y consecuencias del decreto de 10 de noviembre de 1810 / |
| Statement of responsibility, etc. |
Elisabel Larriba, Fernando Durán López (eds.). |
| 264 #1 - PRODUCTION, PUBLICATION, DISTRIBUTION, MANUFACTURE, AND COPYRIGHT NOTICE |
| Place of production, publication, distribution, manufacture |
Madrid : |
| Name of producer, publisher, distributor, manufacturer |
Sílex, |
| Date of production, publication, distribution, manufacture, or copyright notice |
2012. |
| 300 ## - PHYSICAL DESCRIPTION |
| Extent |
1 online resource (425 pages) |
| 336 ## - CONTENT TYPE |
| Content type term |
text |
| Content type code |
txt |
| Source |
rdacontent |
| 337 ## - MEDIA TYPE |
| Media type term |
computer |
| Media type code |
c |
| Source |
rdamedia |
| 338 ## - CARRIER TYPE |
| Carrier type term |
online resource |
| Carrier type code |
cr |
| Source |
rdacarrier |
| 490 1# - SERIES STATEMENT |
| Series statement |
Sílex universidad. |
| 500 ## - GENERAL NOTE |
| General note |
Based on a conference held Nov. 10-12, 2010, at the Universidad de Cádiz. |
| 504 ## - BIBLIOGRAPHY, ETC. NOTE |
| Bibliography, etc. note |
Includes bibliographical references and index. |
| 505 0# - FORMATTED CONTENTS NOTE |
| Formatted contents note |
Proemio -- I parte. Censura y sueños de libertad en el siglo que "llaman ilustrado" -- 1. Las aspiraciones a la libertad de imprenta en la segunda mitad del siglo XVIII / Elisabel Larriba -- 2. Libertad de imprenta y prensa crítica a fines del siglo XVIII / Inmaculada Urzainqui -- 3. El Consejo de Castilla y la libertad de imprenta / Esteban Conde Naranjo -- 4. A vueltas con la censura. La libertad de imprenta en la teoría académica sobre la censura / Eva Velasco Moreno -- 5. La vigilia del gobernante, o el apremio a la prensa en la América española pre-independiente / Jean-Pierre Clément -- II parte. Una libertad de imprenta sin ley (1808-1810) -- 6. Los afrancesados y la libertad de imprenta / Gérard Dufour -- 7. Una libertad sin marco legal (1808-1810) / María Cruz Seoane -- 8. La libertad de imprenta ante Blanco White y sus amigos ' Manuel Moreno Alonso -- 9. Periódicos y licencias de impresión antes del Decreto de 10 de noviembre de 1810 / Beatriz Sánchez Hita -- III parte. Debate, aplicación y recepción del Decreto de 1810 -- 10. La crítica periodística del debate sobre la ley de libertad de imprenta (septiembre a diciembre de 1810) / Fernando Durán López -- 11. Ciudadanía católica, pensamiento absolutista y libertad de imprenta en las Cortes de Cádiz / Gregorio Alonso -- 12. La libertad de imprenta y la abolición de la Inquisición / Daniel Muñoz Sempere -- 13. Libertad de imprenta y reforma de la Iglesia católica / Emilio La Parra López -- 14. El Diccionario crítico-burlesco de Gallardo y la polémica de la ley de imprenta / Alberto Romero Ferrer -- 15. Juntas de censura y jurado. La aplicación peninsular de la normativa de libertad política de imprenta (1810-1823) / Fernando Martínez Pérez -- 16. Las mujeres y la libertad de imprenta en tiempos de las Cortes de Cádiz / Marieta Cantos Casenave -- 17. "El pueblo no sabe nada de leyes, salvo obedecerlas". Una visión de la libertad de prensa española desde Inglaterra / Elías Durán de Porras -- Epílogo. La libertad de imprenta entre dos revoluciones: de Cádiz al Trienio / Alberto Gil Novales -- Bibliografía -- Índice onomástico. |
| 650 #0 - SUBJECT ADDED ENTRY--TOPICAL TERM |
| Topical term or geographic name entry element |
Freedom of the press |
| Geographic subdivision |
Spain |
| General subdivision |
History |
| Chronological subdivision |
18th century |
| Form subdivision |
Congresses. |
| 650 #0 - SUBJECT ADDED ENTRY--TOPICAL TERM |
| Topical term or geographic name entry element |
Freedom of the press |
| Geographic subdivision |
Spain |
| General subdivision |
History |
| Chronological subdivision |
19th century |
| Form subdivision |
Congresses. |
| 655 #0 - INDEX TERM--GENRE/FORM |
| Genre/form data or focus term |
Electronic books. |
| 700 1# - ADDED ENTRY--PERSONAL NAME |
| Personal name |
Larriba, Elisabel, |
| Dates associated with a name |
1967- |
| 700 1# - ADDED ENTRY--PERSONAL NAME |
| Personal name |
Durán López, Fernando. |
| 791 2# - |
| -- |
Digitalia (Firm), |
| -- |
distributor. |
| 793 0# - |
| -- |
Digitalia eBook Collection: |
| -- |
Sílex. |
| 830 #0 - SERIES ADDED ENTRY--UNIFORM TITLE |
| Uniform title |
Sílex universidad. |
| 856 40 - ELECTRONIC LOCATION AND ACCESS |
| Materials specified |
Digitalia Hispánica |
| Uniform Resource Identifier |
<a href="https://www.digitaliapublishing.com/a/19219/">https://www.digitaliapublishing.com/a/19219/</a> |
| 910 ## - USER-OPTION DATA (OCLC) |
| User-option data |
Premium Collection: 2007-2012 |
| 942 ## - ADDED ENTRY ELEMENTS (KOHA) |
| Koha item type |
Recurso Electrónico |